000 01004cam a22002295a 4500
008 230526s2019 xxk f 000 0 eng d
020 _a9781783213368
041 0 _aeng
110 2 _aRoyal Institution of Chartered Surveyors
_94900
245 0 0 _aRICS Valuation Global Standards 2017 Jurisdiction Guide
_bHong Kong
_h[electronic resource]
260 _aLondon,
_bRICS,
_c2019
300 _a16p.
490 0 _aRICS Jurisdiction Guide
490 0 _aRICS Red Book
520 _aThis jurisdiction guide examines each factor in its local context and highlights those that are likely to have a significant impact on the valuation of a property located in the country concerned.
650 2 4 _aRED BOOK
650 2 4 _aGLOBAL VALUATION STANDARDS 2017
651 4 _aHong Kong
690 _aValuation
_96273
856 4 0 _uhttps://www.rics.org/content/dam/ricsglobal/documents/standards/valuation_global_standards_2017_jurisdiction_guide_hong_kong_rics.pdf
_zAvailable free on RICS.org
942 _n0
_2ddc
999 _c121515
_d121515